000 01161cab a2200325 4500
001 ABS52840
008 090401t1995 xxu||||| |||| 00| 0 eng d
035 _a(Sirsi) u402
041 _aeng
110 _aBarber White Property Economics
_91805
245 _aProperty must yield to the inevitable
260 _c1995
350 _a0
490 _aProperty Week
_v51(8) 25 May 1995, 14-15(2)
520 _aExamines IPD`s annual results and argues that rental growth will be the key to continued revival of the market as yield improvements have now stopped.
650 _aCAPITAL GROWTH
650 _aCAPITAL VALUES
650 _aHILLIER PARKER
650 _aINDUSTRIAL MARKET
650 _aINVESTMENT MARKET
650 _aINVESTMENT PROPERTY DATABANK
650 _aPROPERTY-COMMERCIAL PROPERTY-OFFICE PROPERTY-OFFICE PROPERTY MARKET
650 _aPROPERTY INDEXES
650 _aRENTAL GROWTH
650 _aPROPERTY-COMMERCIAL PROPERTY-RETAIL PROPERTY-RETAIL PROPERTY MARKET
650 _aRICHARD ELLIS MONTHLY INDEX
690 _aPROPERTY-COMMERCIAL PROPERTY-COMMERCIAL PROPERTY FINANCE AND INVESTMENT
942 _n0
948 _c04/03/1997
999 _c162
_d162